01056nam a2200253 i 4500003000500000005001700005007000300022008004100025090002000066100003200086245010500118264007000223300001600293502009000309700003600399700003900435720002900474720005700503720004100560720004200601942001500643952012700658999001700785CSPC20231121112157.0ta231121s2017 ph a m 000 0beng  aUTH BSOA B 345j aBayta, Nikka Mei Ddauthor. aJob performance of employees of local government unit of Baao, Camarines Sur / cNikka Mei D. Bayta. aNabua, Camarines Sur :bCamarines Sur Polytechnic Collegesc2017. a91 leaves : aUndergraduate Theses (BSOA) Office AdministrationcCamarines Sur Polytechnic Colleges aMonte, Maria Jocelyn Reauthor. aSto. Domingo Jezenette R.eauthor. aLozano, Elsa E.eadviser aTaburnal, Maria Visitacion M. epanelist chairperson aLongares, Arlene S.epanelist member aJintalan, Jocelyn O.epanelist member 2ddcn0cUM 00102ddc4071aBUHIbBUHIcUTHd2023-11-21l0oUTH BSOA B345 2017p00027UM-BUHr2023-11-21 00:00:00t1-1w2023-11-21yUM c26578d26578